Pays du monde commençant par M - Avec carte - Statistiques

Statistiques générales
  • Ce quiz a été pris 2 414 fois
  • Le résultat moyen est 14 sur 18
Réponses sur la Carte
Les réponses sont colorées sur une échelle allant du rouge au vert en fonction du pourcentage des utilisateurs qui les ont devinées à leur premier essai. Vous pouvez retrouver ces pourcentages ci-dessous.
 
Statistiques - réponses
Continent Pays % Correct
Amérique du Nord Mexique
91%
Afrique Mauritanie
89%
Europe Moldavie
88%
Afrique Maroc
87%
Europe Macédoine du Nord
85%
Afrique Madagascar
82%
Afrique Mali
81%
Europe Malte
80%
Asie Mongolie
80%
Europe Monténégro
78%
Europe Monaco
77%
Afrique Mozambique
77%
Asie Malaisie
73%
Afrique Malawi
69%
Asie Maldives
68%
Afrique Maurice
65%
Océanie États Fédérés de Micronésie
61%
Océanie Îles Marshall
58%
Aucun quiz correspondant
Distribution des résultats
% des personnes avec chaque résultat
Percentile par nombre de réponses
Votre historique - résultats
Vous n’avez pas pris ce quiz